Legislatívny a inštitucionálny systém rozvoja cestovného ruchu s akcentom na tvorbu politiky cestovného ruchu
Politika cestovného ruchu /CR/. Analýza problematiky v podmienkach SR. Národný program rozvoja, legislatívny systém rozvoja CR v SR. Podporné programy rozvoja CR, inštitucionálny systém rozvoja CR v SR. Príspevok z riešenia Projektu VEGA č. 57.
Salvato in:
| Autore principale: | |
|---|---|
| Natura: | Capitolo di libro |
| Lingua: | slovacco |
| Soggetti: | |
| Tags: |
Nessun Tag, puoi essere il primo ad aggiungerne!!
|
MARC
| LEADER | 00000naa$a2200000$$$4500 | ||
|---|---|---|---|
| 001 | 0008459 | ||
| 005 | 20221104095238.4 | ||
| 041 | 0 | |a slo | |
| 044 | |a SK | ||
| 245 | 1 | 0 | |a Legislatívny a inštitucionálny systém rozvoja cestovného ruchu s akcentom na tvorbu politiky cestovného ruchu |c aut. Peter Trefil |
| 520 | |a Politika cestovného ruchu /CR/. Analýza problematiky v podmienkach SR. Národný program rozvoja, legislatívny systém rozvoja CR v SR. Podporné programy rozvoja CR, inštitucionálny systém rozvoja CR v SR. Príspevok z riešenia Projektu VEGA č. 57. | ||
| 610 | 2 | 0 | |a ruch cestovný |
| 610 | 2 | 0 | |a politika |
| 610 | 2 | 0 | |a zákony |
| 610 | 2 | 0 | |a podpora podnikania |
| 610 | 2 | 0 | |a programy rozvojové |
| 610 | 2 | 0 | |a Slovensko |
| 610 | 2 | 0 | |a projekty |
| 610 | 2 | 0 | |a výskum |
| 100 | 1 | |a Trefil, Peter | |